Inovačná marketingová koncepcia alternatívneho placementu bryndze v konkurencii probiotických výrobkov diplomová práca

Salvato in:
Dettagli Bibliografici
Autore principale: Štáliková, Michaela
Ente Autore: Obchodná fakulta EU. Katedra marketingu
Altri autori: Filo, Peter
Natura: Libro
Lingua:slovacco
Pubblicazione: Bratislava 2014
Tags: Aggiungi Tag
Nessun Tag, puoi essere il primo ad aggiungerne!!

MARC

LEADER 00000nbm a2200000 4500
001 0185963
005 20170201094139.6
041 0 |a slo 
044 |a SK 
245 1 0 |a Inovačná marketingová koncepcia alternatívneho placementu bryndze v konkurencii probiotických výrobkov  |b diplomová práca  |c Michaela Štáliková ; školiteľ: Peter Filo 
264 1 |a Bratislava  |c 2014 
300 |a 97 s. 
100 1 |a Štáliková, Michaela 
700 1 |a Filo, Peter 
710 2 |a Obchodná fakulta EU. Katedra marketingu